Adjudication.co.uk (Record no. 119762)

MARC details
000 -LEADER
fixed length control field 00913cam a2200217 4500
001 - CONTROL NUMBER
control field WS110499
008 - FIXED-LENGTH DATA ELEMENTS--GENERAL INFORMATION
fixed length control field 000000n 000 0 eng u
035 ## - SYSTEM CONTROL NUMBER
System control number (Sirsi) u110499
245 ## - TITLE STATEMENT
Title Adjudication.co.uk
520 ## - SUMMARY, ETC.
Summary, etc. Site which 'promotes the resolution of disputes by adjudication as described in Part II of the Housing Grants, Construction and Regeneration Act 1996'. Includes frequently asked questions, case law, glossary of terms, details of relevant UK legislation, articles on adjudication and checklists.
600 ## - SUBJECT ADDED ENTRY--PERSONAL NAME
Personal name ADJUDICATION
650 ## - SUBJECT ADDED ENTRY--TOPICAL TERM
Topical term or geographic name entry element STANDARD FORM OF AGREEMENT
650 ## - SUBJECT ADDED ENTRY--TOPICAL TERM
Topical term or geographic name entry element LAW
650 ## - SUBJECT ADDED ENTRY--TOPICAL TERM
Topical term or geographic name entry element CASE LAW
650 ## - SUBJECT ADDED ENTRY--TOPICAL TERM
Topical term or geographic name entry element LEGISLATION
650 ## - SUBJECT ADDED ENTRY--TOPICAL TERM
Topical term or geographic name entry element GLOSSARY
650 ## - SUBJECT ADDED ENTRY--TOPICAL TERM
Topical term or geographic name entry element HOUSING GRANTS CONSTRUCTION AND REGENERATION ACT 1996
690 ## - LOCAL SUBJECT ADDED ENTRY--TOPICAL TERM (OCLC, RLIN)
Topical term or geographic name as entry element Dispute resolution
9 (RLIN) 6236
856 40 - ELECTRONIC LOCATION AND ACCESS
Uniform Resource Identifier <a href="https://www.adjudication.co.uk">https://www.adjudication.co.uk</a>
Public note View the website free of charge at www.adjudication.co.uk...
942 ## - ADDED ENTRY ELEMENTS (KOHA)
Suppress in OPAC 0
Holdings
Withdrawn status Lost status Source of classification or shelving scheme Damaged status Not for loan Home library Current library Shelving location Date acquired Total Checkouts Full call number Barcode Date last seen Copy number Price effective from Koha item type
    Dewey Decimal Classification     Virtual Virtual Online 24/01/2001   WEB SITE 110499-2001 06/08/2019 1 06/08/2019 Online material